[Event "Kolhapur Kulkarni Memorial"]
[Site "Kolhapur"]
[Date "2021.12.05"]
[Round "2"]
[White "Mahindrakar, Indrajeet"]
[Black "Patil, Sarang"]
[Result "1-0"]
[WhiteElo "2118"]
[BlackElo "1320"]
[PlyCount "105"]
[EventDate "2021.12.04"]
[EventType "swiss"]
[EventRounds "10"]
[EventCountry "IND"]
[SourceTitle "EXT 2023"]
[Source "ChessBase"]
[SourceDate "2022.10.05"]
[SourceVersion "1"]
[SourceVersionDate "2022.10.05"]
[SourceQuality "1"]

1. e4 c6 2. d4 d5 3. Nd2 e6 4. Ngf3 c5 5. exd5 Qxd5 6. Bc4 Qd8 7. dxc5 Bxc5 8. Qe2 Nf6 9. Nb3 Bd6 10. Bg5 h6 11. Be3 Nc6 12. 0-0-0 Qc7 13. Kb1 a6 14. Nbd4 Bd7 15. Nf5 Be7 16. Nxe7 Nxe7 17. Bd4 Nc6 18. Ne5 Nxd4 19. Rxd4 Rd8 20. Rhd1 Ke7 21. f4 Bc8 22. f5 Rxd4 23. Rxd4 Rd8 24. Rxd8 Qxd8 25. fxe6 fxe6 26. Bxa6 Qb6 27. Bd3 Qg1+ 28. Qf1 Qxh2 29. Ng6+ Kd6 30. a4 Qg3 31. Qg1 Nd5 32. Qf1 Nf6 33. Nf4 e5 34. Ne2 Qe3 35. Nc3 e4 36. Bxe4 Nxe4 37. Qf8+ Ke5 38. Qxg7+ Nf6 39. Qc7+ Kf5 40. Qxc8+ Kf4 41. Qxb7 Qe1+ 42. Ka2 Qe6+ 43. Ka3 Nd7 44. Qf3+ Kg5 45. Qd5+ Qxd5 46. Nxd5 Kg4 47. a5 Nb8 48. b4 Kg3 49. b5 Kxg2 50. a6 Nxa6 51. bxa6 h5 52. Nf4+ Kf3 53. Nxh5 1-0